Tareekh-e-dawat o azeemat vol-2 (Record no. 63245)
[ view plain ]
| 000 -LEADER | |
|---|---|
| fixed length control field | 00527nam a22001817a 4500 |
| 003 - CONTROL NUMBER IDENTIFIER | |
| control field | NUST - PNEC |
| 005 - DATE AND TIME OF LATEST TRANSACTION | |
| control field | 20170116180807.0 |
| 008 - FIXED-LENGTH DATA ELEMENTS--GENERAL INFORMATION | |
| fixed length control field | 150413b xxu||||| |||| 00| 0 eng d |
| 040 ## - CATALOGING SOURCE | |
| Transcribing agency | LIBRARY |
| 082 ## - DEWEY DECIMAL CLASSIFICATION NUMBER | |
| Classification number | 297.68 NAD |
| 100 ## - MAIN ENTRY--PERSONAL NAME | |
| 9 (RLIN) | 2418 |
| Personal name | Nadvi, Abul Hasan Ali |
| 245 ## - TITLE STATEMENT | |
| Title | Tareekh-e-dawat o azeemat vol-2 |
| Statement of responsibility, etc. | Maulana Syed Abul Hassan Nadvi |
| 260 ## - PUBLICATION, DISTRIBUTION, ETC. | |
| Place of publication, distribution, etc. | Karachi: |
| Name of publisher, distributor, etc. | Majlis nasharyat e Islam, |
| 300 ## - PHYSICAL DESCRIPTION | |
| Extent | 412 p. : |
| Dimensions | 22 cm. |
| 648 ## - SUBJECT ADDED ENTRY--CHRONOLOGICAL TERM | |
| 9 (RLIN) | 2419 |
| Chronological term | Islam, Sufism |
| 650 ## - SUBJECT ADDED ENTRY--TOPICAL TERM | |
| 9 (RLIN) | 2421 |
| Topical term or geographic name entry element | Islam and Sufism |
| General subdivision | General |
| 942 ## - ADDED ENTRY ELEMENTS (KOHA) | |
| Source of classification or shelving scheme | |
| Koha item type | Book |
| Withdrawn status | Lost status | Source of classification or shelving scheme | Damaged status | Not for loan | Permanent Location | Current Location | Shelving location | Date acquired | Source of acquisition | Cost, normal purchase price | Total Checkouts | Full call number | Barcode | Date last seen | Cost, replacement price | Price effective from | Koha item type |
|---|---|---|---|---|---|---|---|---|---|---|---|---|---|---|---|---|---|
| Pakistan Navy Engineering College (PNEC) | Pakistan Navy Engineering College (PNEC) | 05/26/1996 | Deeni Kutab Khana/Reference Grant | 700.00 | 297.68 NAD | PNECLIB-018770 | 04/23/2015 | 700.00 | 05/26/1996 | Book |
